Statistics for Top 10 largest immigrant groups in Norway

Click here to take the quiz!

General Stats

  • This quiz has been taken 75 times
  • The average score is 6 of 10

Answer Stats

Population Country % Correct
36kSweden
96%
20kSyria
86%
24kGermany
86%
22kIraq
85%
97kPoland
81%
19kPakistan
65%
28kSomalia
51%
37kLithuania
42%
20kPhilippines
29%
19kEritrea
22%

Score Distribution

Percentile by Number Answered

Percent of People with Each Score

Your Score History

You have not taken this quiz